| 000 | 00701nam a2200193 a 4500 | ||
|---|---|---|---|
| 001 | 000044714 | ||
| 005 | 20260304092050.0 | ||
| 008 | 150107s2014 dr 000 0 spa d | ||
| 020 | _a9789945141184 | ||
| 040 |
_aDO-SdBNP _bspa _cBNPHU |
||
| 082 |
_axxxxxx _bxxxxxx |
||
| 100 | 1 |
_aOrtiz Bosch, Milagros, 1936- _926797 |
|
| 245 | 1 | 0 |
_aPRD-PLD : _bmétodos de trabajo, días de construcción y años de olvido / _cMilagros Ortíz Bosch. |
| 260 |
_aSanto Domingo : _bCorripio, _c2014. |
||
| 300 |
_a191 p. ; _c23 cm. |
||
| 500 | _aIncluye datos biográficos de la autora en las solapas | ||
| 504 | _aIncluye referencias bibliográficas y notas al pie de las páginas | ||
| 590 | _aInventariado, 2019 / DG | ||
| 999 |
_c44203 _d44203 |
||